000
00294nam a2200121Ia 4500
008
190216s9999||||xx |||||||||||||| ||und||
100
_a
Radhakrishnan C
245
0
_a
Puzhamuthal Puzha Vare
260
_b
Poorna Pubs Kozhikode
_c
1987
300
_a
424
650
_a
Novel Malayalam
942
_c
BK
999
_c
25895
_d
25895